U.S. History by Letter- R - Statistics

General Stats
  • This quiz has been taken 268 times
  • The average score is 10 of 18
Answer Stats
Hint Answer % Correct
Court case legalizing abortion {Roe} v. Wade
89%
Oil magnate & billionaire John Rockefeller
86%
Broke baseball's color barrier Jackie Robinson
82%
The Great Bambino, Yankees outfielder Babe Ruth
81%
Popularly credited with making the first American flag Betsy Ross
75%
"Lost" North Carolina colony Roanoke
75%
1920s fear of infiltrating Communists Red Scare
72%
Teddy's cavalry unit in Spanish-American War Rough Riders
67%
Saw two lanterns in the Old North Church's window Paul Revere
65%
First American woman in space Sally Ride
62%
Couple executed in 1951 for espionage Rosenbergs
60%
1980s presidential economic policy Reaganomics
54%
Explorer & proprietor of above Sir Walter Raleigh
50%
1904 addition to Monroe Doctrine {Roosevelt} Corollary
44%
Chief Justice of the Supreme Court, 1986-2005 William Rehnquist
38%
Part-Cherokee humorist and entertainer Will Rogers
19%
WWI American fighter ace Eddie Rickenbacker
13%
Founding father and Philadelphia doctor Benjamin Rush
11%
No matching quizzes found
Score Distribution
Percent of People with Each Score
Percentile by Number Answered
Your Score History
You have not taken this quiz